সবার জন্য ড্রপার সিএমএস / (Record no. 11960)
[ view plain ]
| 000 -LEADER | |
|---|---|
| fixed length control field | 00761nam a2200217 a 4500 |
| 001 - CONTROL NUMBER | |
| JCCL Control Number | 11960 |
| 003 - CONTROL NUMBER IDENTIFIER | |
| JCCL marc code | BD-JhCC |
| 005 - DATE AND TIME OF LATEST TRANSACTION | |
| control field | 20210225131600.0 |
| 008 - FIXED-LENGTH DATA ELEMENTS--GENERAL INFORMATION | |
| fixed length control field | 210225b 2013bg a|||| ||a| 000 0 mul d |
| 020 ## - INTERNATIONAL STANDARD BOOK NUMBER | |
| International Standard Book Number | 9789848980699 |
| 035 ## - SYSTEM CONTROL NUMBER | |
| system control number | (BD-JhCC)11960 |
| 040 ## - CATALOGING SOURCE | |
| Original cataloging agency | BD-JhCC |
| Modifying agency | BD-JhCC |
| 041 ## - LANGUAGE CODE | |
| Language code of Book | eng |
| 082 ## - DEWEY DECIMAL CLASSIFICATION NUMBER | |
| Classification number | 006.76 |
| Author mark and Year | ANW 2013 |
| 100 ## - MAIN ENTRY--PERSONAL NAME | |
| Personal name | চৌধুরী, মোঃ আনোয়ার হোসেন |
| 245 ## - TITLE STATEMENT | |
| Title | সবার জন্য ড্রপার সিএমএস / |
| Statement of responsibility, etc | মোঃ আনোয়ার হোসেন চৌধুরী, |
| 260 ## - PUBLICATION, DISTRIBUTION, ETC. (IMPRINT) | |
| Place of publication, distribution, etc | ঢাকা, বাংলাদেশ : |
| Name of publisher, distributor, etc | সিসটেক পাবলিকেশন্স; |
| Date of publication, distribution, etc | ২০১৩. |
| 300 ## - PHYSICAL DESCRIPTION | |
| Pagination | 344 |
| Other physical details | 24 cm. |
| 942 ## - ADDED ENTRY ELEMENTS (KOHA) | |
| Source of classification or shelving scheme | Dewey Decimal Classification |
| Koha item type | Books |
| Source of classification or shelving scheme | Damaged status | Not for loan | Home library | Current library | Date of accession | Source of acquisition | Cost, normal purchase price | Total Checkouts | Full call number | Barcode | Date last seen | Copy number | Koha item type |
|---|---|---|---|---|---|---|---|---|---|---|---|---|---|
| Dewey Decimal Classification | JCC Rouf Library | JCC Rouf Library | 02/25/2021 | 2021-02-25 | 299.00 | 006.76 ANW 2013 | 16125 | 02/25/2021 | C-1 | Books |